[Event "Seattle Chess Classic"]
[Site "?"]
[Date "2024.08.18"]
[Round "4.3"]
[White "Kona, Vidip"]
[Black "Wong-Godfrey, Emerson"]
[Result "1-0"]
[WhiteElo "2156"]
[BlackElo "1908"]
[Annotator "Ralph Dubisch"]
[PlyCount "77"]
[GameId "2102422384908068"]
[EventDate "2024.??.??"]

{[%evp 0,77,19,29,18,2,22,-47,-24,-57,-24,-30,-4,-1,-1,-20,2,-2,-3,-9,-13,-20,-8,9,23,-1,3,2,-6,-19,-17,-9,1,1,6,13,12,7,8,9,14,10,8,0,0,0,0,-30,-33,-26,-24,-26,-21,-26,-28,-27,-27,-27,-29,-27,-28,-28,-36,-37,47,34,138,125,181,186,202,646,992,1122,29995,29996,29997,29998,29999,29999]} 1. Nf3 Nf6 2. c4 d5 $6 {A highly unusual move order to reach standard positions in a few moves. Unusual for good reason; see the next note.} 3. g3 ({White should exchange the center pawn and bring an insufficiently supported black piece into the center as a target for development and central pawn expansion. After} 3. cxd5 Nxd5 4. d4 $14 {there's no fear of a reversed Sicilian if Black can't play ...e5. This exact position is given in countless old opening books (generally from the move order 1.d4 d5 2.c4 Nf6? 3.cxd5 Nxd5 4.Nf3) claiming clear advantage.}) 3... e6 ({Black has options, including} 3... c6) ({or a reverse Benoni with} 3... d4 {.}) 4. b3 b6 5. Bg2 Bb7 6. O-O Be7 7. e3 O-O 8. Bb2 c5 {Through flexible transposition we sneak back into main-line territory...} 9. Qe2 Nc6 10. Rd1 Qc8 ({...and soon leave it behind.} 10... Qc7 {is the most popular move here, and perhaps ironically the most successful for White, though my sample size is not huge.} 11. Nc3 Rad8 12. cxd5 Nxd5 13. Nxd5 Rxd5 14. d4 $14) (10... dxc4 11. bxc4 Qc7 (11... Rc8) 12. Nc3 a6 {probably represents a transposition into 10...Qc7 much of the time, evening out the statistics a bit to near equality.}) (10... Rc8 {, and the related 11...Rc8 from the c4 exchange line above, tend to score well for Black, for reasons too subtle for me to discern. Perhaps it's just a tiny bit too early to commit the black queen?}) 11. Nc3 Rd8 12. d3 (12. cxd5 exd5 13. d4 {could be an alternate treatment, but Black might toss a proverbial wrench into the works with 12...Ba6!?, justifying his tenth move.}) 12... d4 {A natural gain of space, reaching a different odd reversed Benoni.} 13. exd4 Nxd4 14. Nxd4 cxd4 15. Ne4 Nxe4 16. Bxe4 Bxe4 17. Qxe4 Qd7 18. Re1 Bb4 19. Re2 Qd6 20. Rf1 Bc3 21. Bc1 Re8 22. f4 f6 23. f5 $2 ({In general material terms, two rooks are better than queen and pawn. Positional specifics matter, though. Here, the queen on e4 is White's best-placed piece, powerfully centralized. Black's rooks are not particularly active, currently performing largely a defensive role.} 23. h4 {intending advance to h5, attempts to create further kingside weaknesses.}) 23... exf5 $1 {More important than evaluating the relative value of White's queen versus Black's rooks, however, is evaluating the pieces that remain on the board.} 24. Qxe8+ Rxe8 25. Rxe8+ Kf7 26. Re2 g6 27. Bf4 {White's bishop has been improved for sure. One could argue that it is now comparable in value to the black bishop on c3. But in order for two rooks to outweigh a queen, the rooks must coordinate together. Here it's quite difficult to make the rooks work together: on the e-file there's no way to double. That c3-bishop spikes e1, the d-pawn guards e3, the f-pawns control e4 and e5, the black royalty covers the entry ranks. White's chances of forcing a win from here seem slim.} Qa3 28. Bc7 {White tries for something involving Bd8/Re7+.} Bb4 ({One idea to make progress with Black might be exchanging on c4, either creating a passed d-pawn or gaining some pressure against d3.} 28... b5 29. Bf4 (29. cxb5 Qc5 $17) 29... bxc4 30. bxc4 Bb4 31. Rd1 g5 $5 32. Bc1 Qa5 $15) 29. Bf4 Bc3 30. h3 $6 {Objectively, White should be happy to accept a repetition. Psychologically, knowing that Black is happy to repeat can put fresh wind in the sails.} h5 31. Kh2 Qa6 $6 (31... a5) (31... Qc5) 32. Bd6 Kg7 $2 (32... Qc8 33. Re7+ Kg8 $13) 33. Rff2 {White now has a path to double rooks on the e-file.} b5 34. c5 ({Safe enough, but not necessary. Faster:} 34. Re7+ Kh6 35. Rd7 Qc8 (35... bxc4 {allows an end similar to the actual game.}) 36. Rf7 g5 37. Rxf6+ Kg7 38. Be5 $18 {.}) 34... b4 (34... g5 35. Rxf5 {and White's breakthrough is now just a matter of time.}) 35. Re7+ Kh6 36. Rf7 Qxd3 (36... Qc8 37. Bf8+ Qxf8 {avoids mate, but that's about all you can say for it.}) 37. Bf8+ Kg5 38. h4+ Kg4 39. Rf4# 1-0

[Event "2024 Seattle Seafair Open"]
[Site "Seattle"]
[Date "2024.07.13"]
[Round "3"]
[White "Boey, Chad"]
[Black "Gaivoronski, Andrei"]
[Result "1-0"]
[WhiteElo "1922"]
[BlackElo "1417"]
[Annotator "Chad Boey"]
[PlyCount "37"]
[GameId "2089732915224636"]
[EventDate "2024.07.13"]
[EventType "swiss"]
[EventRounds "5"]
[EventCountry "USA"]

{[%evp 0,37,25,15,52,42,21,17,19,15,40,34,25,18,62,9,28,-14,117,114,147,127,144,140,286,345,328,360,369,368,368,235,459,417,417,472,629,657,29997,29998] Round 3, Chad Boey vs. Andrei Gaivoronski} 1. e4 c5 2. d4 cxd4 3. c3 dxc3 4. Nxc3 Nc6 5. Nf3 d6 6. Bc4 g6 {This is an excessive pawn move which is already giving white too much play.} 7. O-O {Slightly better is an immediate 7. Qb3. In all previous games I have played Qb3 in this position which seems to equalize immediately, but that's just the problem. After 7. Qb3 e6 8.Bf4 Nf6 9. Rd1 black can consider giving back the pawn for king safety and the position can become dry. I still considered 7. Qb3 but decided that I had enough time to castle first and then see how black will defend if I play with two rooks instead of one.} Bg7 8. Qb3 {In all previous games in the database here, white has played 8.Qe2, a thematic move but an error. This is not a "system" opening and cannot be played the same way every time. White needs to know when and how to change course.} e6 {The move that I wanted to provoke. I must attack now.} 9. Bf4 Qe7 10. Rfd1 e5 11. Bg5 Bf6 12. Nd5 Qd8 13. Nxf6+ Nxf6 14. Bxf7+ Ke7 15. Bd5 h6 {Now I took my longest think of the game. I could see a few different winning continuations but I needed to check each one. First I considered 16. Bxf6+ which looked obvious but the winning continuation afterwards was not so clear to me. It looked like black could get away eventually after losing a pawn or two. I wasn't interested in playing for 30 or even 20 more moves. Next I considered 16.Bxc6 hxg5 17.Nxe5 but this also requires some extreme precision for several more moves if black defends correctly. Many minutes had passed and I couldn't decide. Then something occurred to me: why am I concerned at all with my bishop on g5? Doesn't black need to be a lot more concerned about their king? When attacking, isn't the correct way always forward? I should not retreat nor should I mindlessly exchange pieces to simplify the board for black where they might enjoy an endgame with a more active king. I finally found my idea, and calculated. I think it works.} 16. Nh4 $1 hxg5 $4 17. Nxg6+ Kd7 18. Bxc6+ bxc6 19. Qf7+ {The idea was never to capture the h8 rook, but to deliver this checkmate.} 1-0